000 00632nam a22002057a 4500
003 0
005 20240820144438.0
008 240820b xxu||||| |||| 00| 0 eng d
020 _a978-1-77469-461-9
050 _aBF 76.5
_b.R34 2023
100 _aRaghvan, Aparna
245 _aQuantitative research methods in psychology
_cAparna Raghvan
260 _aCanada
_bSociety Publishing
_c2023
300 _aix, 213 pages ;
_c24cm.
504 _aIncludes bibliographical references and index.
650 _aQuantitative research--Psychology.
650 _aResearch methods.
650 _aResearch, Psychology.
942 _2lcc
_cBK
999 _c366133
_d366133